[Event "SLO-chT1 East"]
[Site "Slovenia"]
[Date "2015.11.27"]
[Round "7"]
[White "Coklin, Marko"]
[Black "Cetina, Klemen"]
[Result "1/2-1/2"]
[WhiteElo "2214"]
[BlackElo "2173"]
[PlyCount "102"]
[EventDate "2015.10.16"]
[EventType "team-tourn"]
[EventRounds "9"]
[EventCountry "SLO"]
[SourceTitle "EXT 2019"]
[Source "ChessBase"]
[SourceDate "2018.10.10"]
[SourceVersion "1"]
[SourceVersionDate "2018.10.10"]
[SourceQuality "1"]
[WhiteTeam "Radenska Pomgrad II"]
[BlackTeam "Sentjur"]
[WhiteTeamCountry "SLO"]
[BlackTeamCountry "SLO"]

1. Nf3 Nf6 2. c4 g6 3. Nc3 d5 4. cxd5 Nxd5 5. g3 Bg7 6. Bg2 0-0 7. 0-0 Nc6 8. d4 Nb6 9. d5 Ne5 10. Nd4 Nec4 11. e3 Bd7 12. b3 Nd6 13. Bb2 Qc8 14. Re1 Bh3 15. Bh1 e5 16. dxe6 fxe6 17. Qc2 c6 18. Rad1 Nf7 19. f4 e5 20. Nf3 exf4 21. exf4 Bf5 22. Ne4 Bxe4 23. Rxe4 Bxb2 24. Qxb2 Re8 25. Qe2 Rxe4 26. Qxe4 Qe8 27. Qxe8+ Rxe8 28. Kf2 Kg7 29. Ne1 Kf6 30. Nc2 Nh6 31. Ne3 Re7 32. Bf3 Rd7 33. Rxd7 Nxd7 34. Ng4+ Nxg4+ 35. Bxg4 Nb6 36. Bf3 Nc8 37. Ke3 Ne7 38. g4 Nc8 39. Be4 Nd6 40. Bd3 c5 41. a4 Ke6 42. Bc4+ Kf6 43. Bg8 Kg7 44. Bd5 b6 45. Bc4 Kf6 46. Kf3 Kg7 47. Bd3 Kf6 48. g5+ Kf7 49. Kg4 Kg7 50. f5 gxf5+ 51. Bxf5 a6 1/2-1/2

[Event "Ljubljana-chT 68th Superliga"]
[Site "Ljubljana"]
[Date "2015.03.19"]
[Round "9.2"]
[White "Abe, Aljaz"]
[Black "Cetina, Klemen"]
[Result "0-1"]
[WhiteElo "1797"]
[BlackElo "2159"]
[PlyCount "42"]
[EventDate "2015.01.08"]
[EventType "team-tourn"]
[EventRounds "9"]
[EventCountry "SLO"]
[SourceTitle "EXT 2022"]
[Source "ChessBase"]
[SourceDate "2021.10.06"]
[SourceVersion "1"]
[SourceVersionDate "2021.10.06"]
[SourceQuality "1"]
[WhiteTeam "Loka pri Mengsu"]
[BlackTeam "Crni Vitezi"]
[WhiteTeamCountry "SLO"]
[BlackTeamCountry "SLO"]

1. e4 c5 2. Nf3 d6 3. d4 cxd4 4. Nxd4 Nf6 5. Nc3 g6 6. Bc4 Bg7 7. f3 0-0 8. Be3 Nc6 9. Qd2 Bd7 10. 0-0-0 Rc8 11. g4 Nxd4 12. Bxf7+ Rxf7 13. Bxd4 b5 14. e5 Ne8 15. Qe3 Bc6 16. Rhf1 b4 17. Ne4 Bxe4 18. Qxe4 Qa5 19. e6 Rf8 20. Kb1 Nf6 21. Qb7 Rc7 0-1

[Event "SLO-chT1 East"]
[Site "Celje"]
[Date "2014.10.10"]
[Round "2"]
[White "Cetina, Klemen"]
[Black "Horvath, Adam"]
[Result "1-0"]
[WhiteElo "2166"]
[BlackElo "2536"]
[PlyCount "75"]
[EventDate "2014.10.09"]
[EventType "team-tourn"]
[EventRounds "9"]
[EventCountry "SLO"]
[SourceTitle "EXT 2019"]
[Source "ChessBase"]
[SourceDate "2018.10.10"]
[SourceVersion "1"]
[SourceVersionDate "2018.10.10"]
[SourceQuality "1"]
[WhiteTeam "Sentjur"]
[BlackTeam "Rokada Lendava"]
[WhiteTeamCountry "SLO"]
[BlackTeamCountry "SLO"]

1. e4 c5 2. Nf3 e6 3. d4 cxd4 4. Nxd4 Nc6 5. Nc3 Qc7 6. g3 a6 7. Bg2 Nf6 8. 0-0 h5 9. h3 Bc5 10. Nxc6 bxc6 11. Bf4 e5 12. Bg5 d6 13. Na4 Ba7 14. c4 Bd4 15. c5 dxc5 16. Qc2 Rb8 17. Rac1 Nh7 18. Be3 h4 19. g4 0-0 20. b3 Bxe3 21. fxe3 Ng5 22. Nxc5 a5 23. Rf2 Rd8 24. Bf1 Qe7 25. Kg2 Kh7 26. Qc3 Qc7 27. Ba6 Kh8 28. Bxc8 Rbxc8 29. Rf5 Qe7 30. Rc2 Rd1 31. Qxa5 Rcd8 32. Qc3 f6 33. a4 R8d6 34. Rff2 Qa7 35. a5 R6d3 36. Nxd3 Qxe3 37. Nc5 Rg1+ 38. Kxg1 1-0

[Event "SLO-chT1 East"]
[Site "Sentjur"]
[Date "2013.10.17"]
[Round "1"]
[White "Povse, Martin"]
[Black "Cetina, Klemen"]
[Result "1/2-1/2"]
[WhiteElo "2106"]
[BlackElo "2156"]
[PlyCount "154"]
[EventDate "2013.10.17"]
[EventType "team-tourn"]
[EventRounds "9"]
[EventCountry "SLO"]
[SourceTitle "EXT 2015"]
[Source "ChessBase"]
[SourceDate "2014.11.20"]
[SourceVersion "1"]
[SourceVersionDate "2014.11.20"]
[SourceQuality "1"]

1. d4 Nf6 2. c4 c5 3. d5 g6 4. Nc3 Bg7 5. e4 d6 6. f4 0-0 7. Bd3 Na6 8. a3 Nc7 9. Nf3 e6 10. 0-0 exd5 11. exd5 Re8 12. Qc2 Ng4 13. Bd2 f5 14. Rae1 Bd7 15. b4 b6 16. Nd1 Qf6 17. h3 Nh6 18. bxc5 bxc5 19. Ba5 Na6 20. Bc3 Qf8 21. Qb2 Rab8 22. Bxg7 Qxg7 23. Rxe8+ Bxe8 24. Qd2 Nf7 25. Qa5 Rb6 26. Re1 Kf8 27. Nc3 Nd8 28. Nb5 h6 29. Qd2 Bxb5 30. cxb5 Nc7 31. Qe2 Qd7 32. Nh4 Nxd5 33. Nxg6+ Kg7 34. Qh5 Nf6 35. Bxf5 Nxh5 36. Bxd7 Kxg6 37. Be8+ Kf5 38. Bxh5 Rxb5 39. Rd1 Nb7 40. Bf3 Kxf4 41. Bxb7 Rxb7 42. Rxd6 Rc7 43. Kf2 c4 44. g3+ Ke4 45. Ke2 c3 46. Kd1 c2+ 47. Kc1 Kf3 48. g4 h5 49. gxh5 Kf4 50. a4 Kg5 51. h6 Rc4 52. h7 Rh4 53. Rd7 a6 54. Kxc2 Rxh3 55. Ra7 Kf5 56. Rxa6 Rxh7 57. Kc3 Ke5 58. Kc4 Rc7+ 59. Kb5 Kd5 60. Rh6 Rc1 61. Rh5+ Kd6 62. Kb6 Kd7 63. Rh7+ Kc8 64. Rh8+ Kd7 65. a5 Rb1+ 66. Ka7 Kc7 67. Rh7+ Kc8 68. a6 Rb2 69. Rb7 Ra2 70. Rb1 Rc2 71. Rb8+ Kc7 72. Ka8 Ra2 73. a7 Ra1 74. Rb7+ Kc8 75. Rh7 Ra2 76. Rh1 Rc2 77. Rh3 Rc1 1/2-1/2

[Event "SLO-chT1 Ost"]
[Site "Sentjur"]
[Date "2011.10.13"]
[Round "1"]
[White "Sorcnik, Franc"]
[Black "Cetina, Klemen"]
[Result "1/2-1/2"]
[WhiteElo "2115"]
[BlackElo "2171"]
[PlyCount "50"]
[EventDate "2011.10.13"]
[EventType "team-tourn"]
[EventRounds "9"]
[EventCountry "SLO"]
[SourceTitle "EXT 2022"]
[Source "ChessBase"]
[SourceDate "2021.10.06"]
[SourceVersion "1"]
[SourceVersionDate "2021.10.06"]
[SourceQuality "1"]
[WhiteTeam "Slovenska Bistrica Impol"]
[BlackTeam "Sentjur"]
[WhiteTeamCountry "SLO"]
[BlackTeamCountry "SLO"]

1. e4 d5 2. exd5 Nf6 3. Bc4 Nxd5 4. c3 Nb6 5. Bb3 c5 6. Qh5 e6 7. Qe2 Nc6 8. Nf3 Be7 9. Na3 0-0 10. d3 Nd5 11. Nc4 b6 12. Nce5 Nxe5 13. Nxe5 Bb7 14. 0-0 Qc7 15. d4 cxd4 16. cxd4 Rfd8 17. Re1 Bf6 18. Bd2 Rac8 19. Rad1 Qe7 20. Qg4 Ba8 21. h3 g6 22. a3 a5 23. Bh6 Bg7 24. Bxg7 Kxg7 25. Qf3 Qc7 1/2-1/2

[Event "SLO-chT 20th"]
[Site "Gostovanja"]
[Date "2010.11.07"]
[Round "9"]
[White "Cetina, Klemen"]
[Black "Brumen, Dinko"]
[Result "0-1"]
[WhiteElo "2160"]
[BlackElo "2359"]
[PlyCount "50"]
[EventDate "2010.05.15"]
[EventType "team-tourn"]
[EventRounds "9"]
[EventCountry "SLO"]
[SourceTitle "EXT 2020"]
[Source "ChessBase"]
[SourceDate "2019.10.17"]
[SourceVersion "1"]
[SourceVersionDate "2019.10.17"]
[SourceQuality "1"]
[WhiteTeam "Sentjur Bohorc"]
[BlackTeam "Krsko Triglav"]
[WhiteTeamCountry "SLO"]
[BlackTeamCountry "SVK"]

1. e4 e6 2. d4 d5 3. Nc3 Bb4 4. e5 c5 5. a3 Bxc3+ 6. bxc3 Ne7 7. Qg4 Nbc6 8. Qxg7 Rg8 9. Qxh7 cxd4 10. f4 Bd7 11. Qd3 dxc3 12. Qxc3 Rc8 13. Qd2 Qb6 14. Nf3 Nf5 15. Bd3 Ncd4 16. Nxd4 Qxd4 17. Rb1 Nh4 18. Qf2 Qxf2+ 19. Kxf2 Rxg2+ 20. Kf1 Ba4 21. Rxb7 Bxc2 22. Bb5+ Kf8 23. Bb2 Be4 24. Ba6 Rxb2 25. Rxb2 Rc1+ 0-1

[Event "Ljubljana-chT"]
[Site "Gostovanja"]
[Date "2009.01.15"]
[Round "2.1"]
[White "Cetina, Klemen"]
[Black "Semrl, Marjan"]
[Result "1/2-1/2"]
[WhiteElo "2179"]
[BlackElo "2181"]
[PlyCount "46"]
[EventDate "2009.01.08"]
[EventType "team-tourn"]
[EventRounds "9"]
[EventCountry "SLO"]
[SourceTitle "EXT 2011"]
[Source "ChessBase"]
[SourceDate "2010.11.26"]
[SourceVersion "1"]
[SourceVersionDate "2010.11.26"]
[SourceQuality "1"]

1. e4 c5 2. Nc3 a6 3. d3 Nc6 4. g3 e5 5. Bg2 d6 6. Nge2 f5 7. f4 Nf6 8. 0-0 fxe4 9. dxe4 exf4 10. Nxf4 Be7 11. Nfd5 0-0 12. Bf4 Ne5 13. Bxe5 dxe5 14. Qe2 Nxd5 15. Nxd5 Be6 16. Rad1 Bxd5 17. Rxd5 Qc7 18. Rfd1 Rad8 19. Rxd8 Rxd8 20. Qc4+ Kh8 21. Rd5 Rxd5 22. Qxd5 Qd6 23. Qxd6 Bxd6 1/2-1/2

[Event "SLO-chT1 East"]
[Site "Celje"]
[Date "2008.12.14"]
[Round "5"]
[White "Cetina, Klemen"]
[Black "Samovojska, Damir"]
[Result "1/2-1/2"]
[WhiteElo "2179"]
[BlackElo "2324"]
[PlyCount "26"]
[EventDate "2008.11.20"]
[EventType "team-tourn"]
[EventRounds "9"]
[EventCountry "SLO"]
[SourceTitle "EXT 2010"]
[Source "ChessBase"]
[SourceDate "2010.11.25"]
[SourceVersion "1"]
[SourceVersionDate "2010.11.25"]
[SourceQuality "1"]

1. e4 e6 2. d4 d5 3. Nc3 dxe4 4. Nxe4 Nd7 5. Nf3 Ngf6 6. Bd3 Nxe4 7. Bxe4 Nf6 8. Bd3 c5 9. 0-0 cxd4 10. Nxd4 Be7 11. Bg5 0-0 12. Nf3 h6 13. Bd2 b6 1/2-1/2

[Event "SLO-chT1 East"]
[Site "Celje"]
[Date "2008.12.13"]
[Round "3"]
[White "Cetina, Klemen"]
[Black "Ivanec, Dezider"]
[Result "1-0"]
[WhiteElo "2179"]
[BlackElo "2171"]
[PlyCount "83"]
[EventDate "2008.11.20"]
[EventType "team-tourn"]
[EventRounds "9"]
[EventCountry "SLO"]
[SourceTitle "EXT 2010"]
[Source "ChessBase"]
[SourceDate "2010.11.25"]
[SourceVersion "1"]
[SourceVersionDate "2010.11.25"]
[SourceQuality "1"]

1. e4 c5 2. Nf3 g6 3. d4 cxd4 4. Nxd4 Nc6 5. c4 Bg7 6. Be3 d6 7. Nc3 Nf6 8. Be2 0-0 9. 0-0 Bd7 10. Qd2 Nxd4 11. Bxd4 Bc6 12. f3 Nd7 13. Bxg7 Kxg7 14. f4 Qb6+ 15. Kh1 Nc5 16. Bf3 Ne6 17. Rad1 Rfd8 18. g4 Nc5 19. f5 f6 20. g5 Rf8 21. Rg1 Nd7 22. Rg3 Ne5 23. Rh3 gxf5 24. gxf6+ Rxf6 25. Rg1+ Rg6 26. Qh6+ Kf6 27. Rxg6+ hxg6 28. Qh4+ Ke6 29. exf5+ gxf5 30. Nd5 Bxd5 31. Bxd5+ Kd7 32. Rb3 Qxb3 33. axb3 Rf8 34. Qf2 b6 35. h4 Ng4 36. Qg3 Rh8 37. Bf3 Nf6 38. Qg5 Ke6 39. h5 Ke5 40. Qe3+ Ne4 41. h6 Kf6 42. Bxe4 1-0

[Event "SLO-chT1 East"]
[Site "Celje"]
[Date "2008.12.12"]
[Round "2"]
[White "Tomazini, Aljosa"]
[Black "Cetina, Klemen"]
[Result "1-0"]
[WhiteElo "2189"]
[BlackElo "2179"]
[PlyCount "119"]
[EventDate "2008.11.20"]
[EventType "team-tourn"]
[EventRounds "9"]
[EventCountry "SLO"]
[SourceTitle "EXT 2010"]
[Source "ChessBase"]
[SourceDate "2010.11.25"]
[SourceVersion "1"]
[SourceVersionDate "2010.11.25"]
[SourceQuality "1"]

1. e4 c5 2. Nc3 Nc6 3. Bb5 g6 4. Bxc6 bxc6 5. d3 Bg7 6. f4 d6 7. Nf3 e6 8. 0-0 Ne7 9. Be3 0-0 10. Qe1 Rb8 11. b3 Qa5 12. Bd2 Qc7 13. Rd1 f5 14. e5 Nd5 15. exd6 Qxd6 16. Ne5 Nb4 17. Rc1 c4 18. Nxc4 Qd4+ 19. Kh1 c5 20. a3 Nc6 21. Ne2 Qd5 22. Bc3 Nd4 23. Nxd4 cxd4 24. Bb4 Rd8 25. Qe2 Bb7 26. Rce1 Kf7 27. Qd2 Rbc8 28. Re2 Qc6 29. Rfe1 Rd7 30. Re5 Re8 31. Rc5 Qa6 32. Kg1 Bd5 33. Ra5 Qc6 34. Ne5+ Bxe5 35. Rxe5 Rc8 36. Bc5 a6 37. Qf2 g5 38. fxg5 Qc7 39. Rxd5 Rxd5 40. b4 Qc6 41. Qh4 Kg8 42. Qf4 Re8 43. Qf3 e5 44. Rxa6 Qxa6 45. Qxd5+ Qe6 46. Qxe6+ Rxe6 47. b5 Kf7 48. b6 Re8 49. Bd6 Ke6 50. Bc7 Kd7 51. a4 Kc6 52. a5 Kb7 53. Kf2 e4 54. dxe4 fxe4 55. Ke2 Re6 56. h4 Rc6 57. Kd2 Rc5 58. Bd8 Rxa5 59. Bf6 Kxb6 60. Bd8+ 1-0

[Event "SLO-chT1 East"]
[Site "Celje"]
[Date "2007.11.04"]
[Round "1"]
[White "Jug, Simon"]
[Black "Cetina, Klemen"]
[Result "0-1"]
[WhiteElo "2081"]
[BlackElo "2194"]
[PlyCount "112"]
[EventDate "2007.11.11"]
[EventType "team-tourn"]
[EventRounds "9"]
[EventCountry "SLO"]
[SourceTitle "EXT 2010"]
[Source "ChessBase"]
[SourceDate "2010.11.25"]
[SourceVersion "1"]
[SourceVersionDate "2010.11.25"]
[SourceQuality "1"]

1. Nf3 c5 2. c4 Nc6 3. Nc3 g6 4. g3 Bg7 5. Bg2 e6 6. 0-0 Nge7 7. d3 0-0 8. Bg5 h6 9. Bf4 d6 10. e4 f5 11. Qd2 Kh7 12. Rfe1 g5 13. Bxg5 hxg5 14. Nxg5+ Kh8 15. Qe2 Ng8 16. Qh5+ Nh6 17. Qg6 Qxg5 18. Qxg5 Bd7 19. Nb5 Ne5 20. Rad1 Bc6 21. Nc7 Nhg4 22. Nxe6 Rf7 23. Qh5+ Kg8 24. Ng5 Rf6 25. Qh7+ Kf8 26. f4 Nf7 27. exf5 Nxg5 28. fxg5 Rf7 29. Qg6 Bd4+ 30. Kf1 Nxh2+ 31. Ke2 Bxg2 32. Qh6+ Kg8 33. Qxh2 Bc6 34. f6 Rh7 35. Qh4 Rxh4 36. gxh4 Be8 37. Rd2 Bh5+ 38. Kf1 Be5 39. Kg2 Kf7 40. Rf2 Rh8 41. Kh3 Rc8 42. Rd2 Rc6 43. b4 b6 44. a4 Rc7 45. Re4 Bg6 46. Kg4 Bxe4 47. dxe4 cxb4 48. Kf5 b3 49. g6+ Kg8 50. Ke6 b2 51. Rd1 Rxc4 52. Ke7 Bxf6+ 53. Kxf6 Rc1 54. Rxd6 Rf1+ 55. Kg5 b1Q 56. Rd8+ Rf8 0-1

[Event "SLO-chT1 East"]
[Site "Celje"]
[Date "2006.11.12"]
[Round "7"]
[White "Gerencer, Jozef"]
[Black "Cetina, Klemen"]
[Result "1/2-1/2"]
[WhiteElo "2143"]
[BlackElo "2170"]
[PlyCount "91"]
[EventDate "2006.11.04"]
[EventType "team"]
[EventRounds "9"]
[EventCountry "SLO"]
[SourceTitle "EXT 2008"]
[Source "ChessBase"]
[SourceDate "2007.11.25"]
[SourceVersion "1"]
[SourceVersionDate "2007.11.25"]
[SourceQuality "1"]

1. d4 Nf6 2. Nf3 g6 3. g3 Bg7 4. c4 0-0 5. Bg2 c6 6. 0-0 d5 7. cxd5 cxd5 8. Nc3 Nc6 9. Ne5 e6 10. Nxc6 bxc6 11. b3 Nd7 12. Bb2 c5 13. Na4 Ba6 14. Rc1 Rc8 15. Re1 Bb5 16. dxc5 Bxb2 17. Nxb2 Nxc5 18. Qd4 Qb6 19. e3 Na6 20. Qxb6 axb6 21. a4 Bd7 22. Nd3 f6 23. Rxc8 Rxc8 24. Rc1 Rxc1+ 25. Nxc1 Kf7 26. Kf1 Ke7 27. Ke2 Kd6 28. Kd2 e5 29. Kc3 Bc6 30. Bf1 Nc5 31. Nd3 Ne4+ 32. Kb4 Nd2 33. Be2 d4 34. exd4 exd4 35. Nb2 Bd5 36. Bc4 Be4 37. Bg8 Nf3 38. Nc4+ Kc6 39. Bxh7 Nxh2 40. Nd2 Bd3 41. f3 Kc7 42. a5 bxa5+ 43. Kc5 Be2 44. Kxd4 Nxf3+ 45. Nxf3 Bxf3 46. Bxg6 1/2-1/2

[Event "SLO-chT 15th"]
[Site "Bled"]
[Date "2005.12.02"]
[Round "9"]
[White "Cetina, Klemen"]
[Black "Gombac, Jan"]
[Result "0-1"]
[WhiteElo "2180"]
[BlackElo "2288"]
[PlyCount "192"]
[EventDate "2005.11.26"]
[EventType "team-tourn"]
[EventRounds "9"]
[EventCountry "SLO"]
[SourceTitle "CBM 109 Extra"]
[Source "ChessBase"]
[SourceDate "2006.01.03"]
[SourceVersion "2"]
[SourceVersionDate "2006.01.03"]
[SourceQuality "1"]
[WhiteTeam "Sentjur"]
[BlackTeam "Ljubljana Vidmar"]
[WhiteTeamCountry "SLO"]
[BlackTeamCountry "SLO"]

1. e4 d5 2. Nc3 c6 3. Nf3 Bg4 4. h3 Bxf3 5. Qxf3 e6 6. g3 Nf6 7. Bg2 Bc5 8. 0-0 0-0 9. d3 Nbd7 10. Qe2 Qc7 11. Bf4 Bd6 12. Bxd6 Qxd6 13. f4 Qb4 14. Nd1 dxe4 15. dxe4 Nc5 16. c3 Qb6 17. Kh2 e5 18. b4 Qa6 19. Qxa6 Nxa6 20. Ne3 Rfe8 21. Ng4 Nxg4+ 22. hxg4 Nc7 23. Rfd1 Ne6 24. f5 Ng5 25. Rd7 Rab8 26. Kg1 Kf8 27. Kf2 Red8 28. Rxd8+ Rxd8 29. Ke3 Ke7 30. Bf1 Rd6 31. Bg2 h6 32. Bf1 Nh7 33. Be2 Kf6 34. Rh1 Nf8 35. Rd1 Rxd1 36. Bxd1 Nh7 37. Bb3 Ke7 38. Kd3 Nf6 39. Bd1 Ne8 40. g5 hxg5 41. g4 Nf6 42. c4 Nd7 43. c5 Nf8 44. a4 g6 45. fxg6 Nxg6 46. Kc4 Nf4 47. a5 Ne6 48. Kc3 Nd4 49. Kc4 Kd8 50. Kc3 Kc7 51. Kc4 b6 52. Kc3 Ne6 53. axb6+ axb6 54. cxb6+ Kxb6 55. Bb3 Nd8 56. Bc4 f6 57. Bd3 Nb7 58. Kd2 Nd6 59. Ke3 c5 60. bxc5+ Kxc5 61. Ba6 Kb4 62. Kd3 Nb5 63. Bb7 Nc7 64. Bc8 Kb3 65. Bd7 Na6 66. Be6+ Kb4 67. Bd5 Nc5+ 68. Kd2 Nd7 69. Kd3 Kc5 70. Bf7 Nb8 71. Kc3 Nc6 72. Bd5 Nd4 73. Bc4 Nf3 74. Be6 Nh2 75. Kd3 Nf3 76. Kc3 Nh4 77. Bf7 Ng2 78. Be6 Nf4 79. Bc4 Ng6 80. Be6 Ne7 81. Bf7 Nc8 82. Be6 Nd6 83. Bd5 f5 84. gxf5 Nxf5 85. Be6 Nh6 86. Kd3 Kd6 87. Bc8 Ke7 88. Ke3 Kf6 89. Kf3 Kg6 90. Bd7 Ng8 91. Kg3 Nf6 92. Bf5+ Kh5 93. Kh3 g4+ 94. Kg3 Kg5 95. Kf2 Kf4 96. Kg2 Nxe4 0-1